000 00541nam a22001697a 4500
005 20251108172910.0
008 250721s9999 xx 000 0 ara d
082 1 4 _aم/213.4/تبر
100 1 _aالتبريزي، أبو عبد الله محمد بن عبد الله الخطيب
245 1 0 _aمشكاة المصابيح /
264 1 _aبيروت :
_bشركة دار الأرقم بن أبي ألأرقم،
300 _aمج 2
650 1 7 _aالأحاديث
650 1 7 _aكتب الستة
942 _2ddc
_cREF
999 _c91280
_d91280